Sborník managementu změn a reengineeringu
Gespeichert in:
| 1. Verfasser: | |
|---|---|
| Format: | Buch |
| Sprache: | Tschechisch |
| Veröffentlicht: |
Praha
Computer Press
2001
|
| Schriftenreihe: | Praxe manažera
Business books |
| Schlagworte: | |
| Tags: |
Keine Tags, Fügen Sie das erste Tag hinzu!
|
MARC
| LEADER | 00000nam$a2200000$$$4500 | ||
|---|---|---|---|
| 001 | 0022536 | ||
| 005 | 20240306141641.4 | ||
| 020 | |a 80-7226-428-1 | ||
| 041 | 0 | |a cze | |
| 044 | |a CZ | ||
| 245 | 1 | 0 | |a Sborník managementu změn a reengineeringu |c Jaroslav Tománek |
| 264 | 1 | |a Praha |b Computer Press |c 2001 | |
| 300 | |a 515 s. | ||
| 490 | 1 | |a Praxe manažera | |
| 830 | 0 | |a Praxe manažera | |
| 490 | 1 | |a Business books | |
| 830 | 0 | |a Business books | |
| 610 | 2 | 0 | |a riadenie zmien |
| 610 | 2 | 0 | |a reengineering |
| 610 | 2 | 0 | |a manažment |
| 610 | 2 | 0 | |a podnik |
| 610 | 2 | 0 | |a kultúra podniková |
| 610 | 2 | 0 | |a zákazníci |
| 610 | 2 | 0 | |a prognózy |
| 610 | 2 | 0 | |a plánovanie strategické |
| 610 | 2 | 0 | |a podnik malý |
| 610 | 2 | 0 | |a podnik stredný |
| 610 | 2 | 0 | |a reštrukturalizácia finančná |
| 610 | 2 | 0 | |a ISO 9000 / 2001 |
| 100 | 1 | |a Tománek, Jaroslav | |